Statistics for Minnesota Twins Opening Day Starting Pitchers

Click here to take the quiz!

General Stats

  • This quiz has been taken 179 times
    (101 since last reset)
  • The average score is 22 of 58

Answer Stats

HintAnswer% Correct
2007Johan Santana
92%
2006Johan Santana
92%
1987Bert Blyleven
78%
1972Bert Blyleven
78%
1976Bert Blyleven
78%
1975Bert Blyleven
78%
1974Bert Blyleven
78%
1973Bert Blyleven
78%
1991Jack Morris
66%
1986Frank Viola
64%
1989Frank Viola
64%
1988Frank Viola
64%
1985Frank Viola
64%
1967Jim Kaat
55%
1965Jim Kaat
55%
2003Brad Radke
50%
2002Brad Radke
50%
2001Brad Radke
50%
2004Brad Radke
50%
2005Brad Radke
50%
2000Brad Radke
50%
1999Brad Radke
50%
1997Brad Radke
50%
1996Brad Radke
50%
2009Francisco Liriano
47%
1992Scott Erickson
45%
1995Scott Erickson
45%
2012Carl Pavano
32%
2011Carl Pavano
32%
1970Jim Perry
31%
1971Jim Perry
31%
1994Kevin Tapani
31%
1993Kevin Tapani
31%
2010Scott Baker
30%
1963Camilo Pascual
24%
1964Camilo Pascual
24%
1966Mudcat Grant
22%
2014Ricky Nolasco
22%
1968Dean Chance
19%
2013Vance Worley
19%
1990Allan Andersen
16%
1979Dave Goltz
14%
1978Dave Goltz
14%
1977Dave Goltz
14%
1981Jerry Koosman
14%
1980Jerry Koosman
14%
2016Ervin Santana
12%
2017Ervin Santana
12%
1984Albert Williams
9%
2018Jake Odorizzi
9%
2008Livan Hernandez
9%
19998Bob Tewksbury
8%
2015Phil Hughes
8%
1962Jack Kralick
7%
1961Pedro Ramos
7%
1982Pete Redfern
5%
1983Brad Havens
4%
1969Tom Hall
4%

Score Distribution

Percentile by Number Answered

Percent of People with Each Score

Your Score History

You have not taken this quiz since the last reset